Pay attention, Carter Jones / (Record no. 389005)
[ view plain ]
| 000 -LEADER | |
|---|---|
| fixed length control field | 02677nam a22006011i 4500 |
| 001 - CONTROL NUMBER | |
| control field | fwb00000805 |
| 003 - CONTROL NUMBER IDENTIFIER | |
| control field | CtWfDGI |
| 005 - DATE AND TIME OF LATEST TRANSACTION | |
| control field | 20231018113823.0 |
| 006 - FIXED-LENGTH DATA ELEMENTS--ADDITIONAL MATERIAL CHARACTERISTICS--GENERAL INFORMATION | |
| fixed length control field | m cq h |
| 007 - PHYSICAL DESCRIPTION FIXED FIELD--GENERAL INFORMATION | |
| fixed length control field | cs nzannnauuuu |
| 007 - PHYSICAL DESCRIPTION FIXED FIELD--GENERAL INFORMATION | |
| fixed length control field | sz zunznnnzned |
| 008 - FIXED-LENGTH DATA ELEMENTS--GENERAL INFORMATION | |
| fixed length control field | 211102s2021 ohu cd 000 1 eng d |
| 020 ## - INTERNATIONAL STANDARD BOOK NUMBER | |
| International Standard Book Number | 9781667076935 |
| Qualifying information | (Wonderbook) : |
| Terms of availability | $62.99 |
| 020 ## - INTERNATIONAL STANDARD BOOK NUMBER | |
| Cancelled/invalid ISBN | 9781432862923 |
| Qualifying information | (large print) |
| 028 01 - PUBLISHER NUMBER | |
| Publisher number | WB000805 |
| Source | Findaway World |
| 035 ## - SYSTEM CONTROL NUMBER | |
| System control number | (OCoLC)1340428225 |
| 040 ## - CATALOGING SOURCE | |
| Original cataloging agency | CtWfDGI |
| Language of cataloging | eng |
| Description conventions | rda |
| Transcribing agency | CtWfDGI |
| 050 14 - LIBRARY OF CONGRESS CALL NUMBER | |
| Classification number | PZ7.S3527 |
| Item number | Pay 2021d |
| 082 04 - DEWEY DECIMAL CLASSIFICATION NUMBER | |
| Classification number | [Fic] |
| Edition number | 23 |
| 100 1# - MAIN ENTRY--PERSONAL NAME | |
| Personal name | Schmidt, Gary D., |
| Relator term | author. |
| 9 (RLIN) | 31383 |
| 245 10 - TITLE STATEMENT | |
| Title | Pay attention, Carter Jones / |
| Statement of responsibility, etc | Gary D. Schmidt. |
| 264 #1 - Production, Publication, Distribution, Manufacture, and Copyright Notice. | |
| Place of production, publication, distribution, manufacture | Solon, Ohio : |
| Name of producer, publisher, distributor, manufacturer | Findaway World, LLC, |
| Date of production, publication, distribution, manufacture, or copyr | [2021] |
| 300 ## - PHYSICAL DESCRIPTION | |
| Extent | 1 Wonderbook (303 pages (large print)) ; |
| Dimensions | 23 cm |
| 336 ## - Content Type | |
| Content type term | spoken word |
| 336 ## - Content Type | |
| Content type term | still image |
| 336 ## - Content Type | |
| Content type term | text |
| 337 ## - Media type | |
| Media type term | audio |
| 337 ## - Media type | |
| Media type term | unmediated |
| 338 ## - Carrier type | |
| Carrier type term | other |
| 338 ## - Carrier type | |
| Carrier type term | volume |
| 344 ## - | |
| -- | digital |
| -- | non-volatile flash memory |
| -- | rda |
| 347 ## - | |
| -- | audio file |
| -- | MP3 |
| -- | rda |
| 500 ## - GENERAL NOTE | |
| General note | Release date supplied by publisher. |
| 500 ## - GENERAL NOTE | |
| General note | Print book published: Waterville, Maine : Thorndike Press, a part of Gale, a Cengage Company, 2019. |
| 500 ## - GENERAL NOTE | |
| General note | Audiobook originally released by Recorded Books. |
| 500 ## - GENERAL NOTE | |
| General note | Issued as a Wonderbook, a pre-loaded audiobook player permanently attached to a hardcover book. |
| 500 ## - GENERAL NOTE | |
| General note | Powered by a rechargeable battery ; USB charger required for recharging. |
| 500 ## - GENERAL NOTE | |
| General note | Audiobook player has 2 modes. Read-Along mode narrates the story. Learning mode asks questions related to the story. |
| 511 0# - PARTICIPANT OR PERFORMER NOTE | |
| Participant or performer note | Read by Christopher Gebauer. |
| 520 ## - SUMMARY, ETC. | |
| Summary, etc | Sixth-grader Carter must adjust to the unwelcome presence of a know-it-all butler who is determined to help him become a gentleman, and also to deal with burdens from the past. |
| 521 0# - TARGET AUDIENCE NOTE | |
| Target audience note | Grades 3-6. |
| 650 #0 - SUBJECT ADDED ENTRY--TOPICAL TERM | |
| Topical term or geographic name as entry element | Butlers |
| Form subdivision | Juvenile fiction. |
| 9 (RLIN) | 5766833 |
| 650 #0 - SUBJECT ADDED ENTRY--TOPICAL TERM | |
| Topical term or geographic name as entry element | Families |
| Form subdivision | Juvenile fiction. |
| 9 (RLIN) | 5674031 |
| 650 #0 - SUBJECT ADDED ENTRY--TOPICAL TERM | |
| Topical term or geographic name as entry element | Conduct of life |
| Form subdivision | Juvenile fiction. |
| 9 (RLIN) | 5675513 |
| 650 #0 - SUBJECT ADDED ENTRY--TOPICAL TERM | |
| Topical term or geographic name as entry element | Middle schools |
| Form subdivision | Juvenile fiction. |
| 9 (RLIN) | 5675274 |
| 650 #0 - SUBJECT ADDED ENTRY--TOPICAL TERM | |
| Topical term or geographic name as entry element | Schools |
| Form subdivision | Juvenile fiction. |
| 650 #0 - SUBJECT ADDED ENTRY--TOPICAL TERM | |
| Topical term or geographic name as entry element | Large type books. |
| 655 #7 - INDEX TERM--GENRE/FORM | |
| Genre/form data or focus term | Children's audiobooks. |
| Source of term | lcgft |
| 9 (RLIN) | 5675081 |
| 700 1# - ADDED ENTRY--PERSONAL NAME | |
| Personal name | Gebauer, Christopher, |
| Relator term | narrator. |
| 9 (RLIN) | 5706212 |
| 710 2# - ADDED ENTRY--CORPORATE NAME | |
| Corporate name or jurisdiction name as entry element | Findaway World, LLC. |
| 9 (RLIN) | 5674726 |
| 776 08 - ADDITIONAL PHYSICAL FORM ENTRY | |
| Display text | Print version: |
| Main entry heading | Schmidt, Gary D. |
| Title | Pay attention, Carter Jones. |
| Place, publisher, and date of publication | Waterville, Maine : Thorndike Press, a part of Gale, a Cengage Company, 2019 |
| International Standard Book Number | 9781432862923 |
| Record control number | (DLC) 2019002285 |
| 945 ## - LOCAL PROCESSING INFORMATION (OCLC) | |
| c | (OCoLC)1340428225 |
| Withdrawn status | Lost status | Source of classification or shelving scheme | Damaged status | Not for loan | Collection code | Home library | Current library | Shelving location | Date acquired | Source of acquisition | Total Checkouts | Total Renewals | Full call number | Barcode | Date last seen | Date checked out | Cost, replacement price | Price effective from | Koha item type |
|---|---|---|---|---|---|---|---|---|---|---|---|---|---|---|---|---|---|---|---|
| Dewey Decimal Classification | Junior Audiobooks | Wasatch County Library | Wasatch County Library | Main Floor Junior Area | 10/20/2023 | Playaway | 15 | 16 | J Wonder Schmidt | 34301002004028 | 03/10/2026 | 01/06/2026 | 50.00 | 10/20/2023 | Wonderbook |
